| 000 | 00440cam a2200157ua 4500 | ||
|---|---|---|---|
| 041 |
_aeng _h |
||
| 082 |
_a101 _bBOU/PH |
||
| 100 | _aBoulton, J T . | ||
| 245 | 0 | 0 |
_aPhilosophical enquiry into the origin of our ideas of the subline and beautiful / _cJ T Bolton. _hTextual Documents |
| 250 |
_a1 / _b. |
||
| 260 |
_aLondon : _bRoutledge & Kegan Paul Ltd , _c1958. |
||
| 300 | _a197 ; . | ||
| 504 | _a | ||
| 942 | _cBK | ||
| 999 |
_c1504 _d1504 |
||